Получение и реакции полифторароматических производных фосфора, серы и селена: автореферат диссертации на соискание ученой степени кандидата химических наук; спец. 02.00.03

Detalles Bibliográficos
Autor principal: Трусова Т. В. Тамара Витальевна
Autor Corporativo: Академия наук СССР Сибирское отделение Новосибирский институт органической химии
Otros Autores: Якобсон Г. Г. (научный руководитель), Фурин Г. Г.
Sumario:Защита сост. 19.06.1974 г.
Lenguaje:ruso
Publicado: Томск, [Б. и.], 1974
Materias:
Formato: Libro
KOHA link:https://koha.lib.tpu.ru/cgi-bin/koha/opac-detail.pl?biblionumber=333657

MARC

LEADER 00000nam0a2200000 4500
001 333657
005 20231102004558.0
035 |a (RuTPU)RU\TPU\book\359670 
090 |a 333657 
100 |a 20170621d1974 k y0rusy50 ca 
101 0 |a rus 
102 |a RU 
105 |a a dm 001zy 
200 1 |a Получение и реакции полифторароматических производных фосфора, серы и селена  |e автореферат диссертации на соискание ученой степени кандидата химических наук  |e спец. 02.00.03  |f Т. В. Трусова  |g Академия наук СССР, Сибирское отделение, Новосибирский институт органической химии ; науч. рук. Г. Г. Якобсон ; науч. рук. Г. Г. Фурин 
210 |a Томск  |c [Б. и.]  |d 1974 
215 |a 22 с.  |c ил. 
300 |a Защита сост. 19.06.1974 г. 
320 |a Библиогр.: с. 22 (9 назв.) 
606 1 |a Ароматические соединения, фторпроизводные  |x Химия  |2 stltpush  |3 (RuTPU)RU\TPU\subj\76583  |9 87586 
610 1 |a органическая химия 
610 1 |a получение 
610 1 |a химические реакции 
610 1 |a фосфор 
610 1 |a сера 
610 1 |a селен 
610 1 |a электрофильное замещение 
610 1 |a магнийорганические соединения 
610 1 |a окисление 
610 1 |a полифторароматические соединения 
610 1 |a авторефераты диссертаций 
675 |a 547.53(04)  |v 4 
686 |a 02.00.03  |2 oksvnk 
700 1 |a Трусова  |b Т. В.  |g Тамара Витальевна 
702 1 |a Якобсон  |b Г. Г.  |4 727 
702 1 |a Фурин  |b Г. Г.  |4 727 
712 0 2 |a Академия наук СССР  |b Сибирское отделение  |b Новосибирский институт органической химии  |2 stltpush  |3 (RuTPU)RU\TPU\col\13404  |9 25651 
801 1 |a RU  |b 63413507  |c 20170621 
801 2 |a RU  |b 63413507  |c 20201023  |g RCR 
942 |c BK